00503nam a22001697a 450000500170000001000150001702000260003203500140005803700130007208200130008510000180009824500640011626000460018027000650022630000240029150000180031520190613162525.0 aENG-125564 a9780199460922c575.00 aEN-109096 bDBAD/PUB a621.3192 aSukhija, M.S. aCircuits and network/cby M.S. Sukhija [and] T.K. Nagsarkar aNew Delhi,c2016bOxford university press aYMCA Library Building, 1 Jai Singh Road,b New Delhie110001 ap.c24cm(pbk)bill. ainclude index